| 000 | 00490nam a2200169Ia 4500 | ||
|---|---|---|---|
| 008 | 230917s9999||||xx |||||||||||||| ||und|| | ||
| 020 | _cRS995 | ||
| 040 |
_e241226 _aMAIN |
||
| 041 | _aEnglish | ||
| 082 | _a658.3 S19H | ||
| 100 | _aSahoo, Deepak K | ||
| 245 | 0 | _aHuman resource management and industrial relations | |
| 260 |
_aNew Delhi _bEnkay Publishing House _c2016 |
||
| 300 | _axv, 343 p. | ||
| 500 | _a2786 21/07/2017 RBP17/67245 21/09/2017 IMSAR (Dev. & Research) | ||
| 942 | _cBK | ||
| 999 |
_c23260 _d23260 |
||